Culture Générale - Série 1869 - Statistiques

Statistiques générales
  • Ce quiz a été pris 127 fois
  • Le résultat moyen est 4 sur 10
Statistiques - réponses
Question Réponse % Correct
Quel petit objet synonyme de fétiche ou grigri est l'anagramme d' "alumette" ? amulette
90%
Quel insecte volant est "l'aeschne" ? - voir photo libellule
67%
Dans quelle ville française peut-on admirer "La maison carrée" qui est le seul temple romain dans le monde entièrement intact ? Nîmes
64%
Dans le langage familier, comment appelle-t-on un film tellement mal réalisé et ridicule qu'il en devient involontairement amusant et comique ? nanar
50%
Quel nom donne-t-on à la tête du sanglier, du porc ? hure
48%
Quel est le titre de la trilogie des films d'épouvante réalisé à partir de 1997 par Wes Craven ? Scream
41%
Qui a écrit "La Promesse de l'aube" , roman autobiographique, en 1960 ? Romain Gary
35%
A quel pays européen est rattachée l'île de "Islay" ? Ecosse
17%
Ce mot désigne "l'endroit de la cale d'un navire où s'amassent les eaux" et "un lieu sale et humide (cloaque)"- anagramme : "intense" sentine
10%
Cette île est surnommée "La reine des .... Hébrides
5%
Aucun quiz correspondant
Distribution des résultats
% des personnes avec chaque résultat
Percentile par nombre de réponses
Votre historique - résultats
Vous n’avez pas pris ce quiz